Potential and Challenges of Low Carbon Fuels for Sustainable Transport (Record no. 3180)

000 -LEADER
fixed length control field 02747nam a22003855i 4500
007 - PHYSICAL DESCRIPTION FIXED FIELD--GENERAL INFORMATION
fixed length control field cr nn 008mamaa
008 - FIXED-LENGTH DATA ELEMENTS--GENERAL INFORMATION
fixed length control field 211222s2022 si | s |||| 0|eng d
020 ## - INTERNATIONAL STANDARD BOOK NUMBER
International Standard Book Number 9789811684142
-- 978-981-16-8414-2
040 ## - CATALOGING SOURCE
Original cataloging agency IMU Kochi Library
Language of cataloging eng
041 0# - LANGUAGE CODE
Language code of text/sound track or separate title eng
082 04 - DEWEY DECIMAL CLASSIFICATION NUMBER
Classification number 629.04
Edition number 23
245 10 - TITLE STATEMENT
Title Potential and Challenges of Low Carbon Fuels for Sustainable Transport
Medium [electronic resource] /
250 ## - EDITION STATEMENT
Edition statement 1st ed. 2022.
300 ## - PHYSICAL DESCRIPTION
Extent XIII, 345 p. 106 illus., 74 illus. in color.
Other physical details online resource.
490 1# - SERIES STATEMENT
Series statement Energy, Environment, and Sustainability,
505 0# - FORMATTED CONTENTS NOTE
Formatted contents note Introduction of Potential and Challenges of Low Carbon Fuels for Sustainable Transport -- Some of the Bio-fuels for Internal Combustion Engines: Alcohols and Biodiesel -- Production of Bioethanol from Microalgal Feedstock: A Circular Biorefinery Approach -- Fuel Delivery System for Alternative Fuel Engines - A Review -- Alcohols as Alternative Fuels for Transport -- Advances in the Use of Ethers and Alcohols as Additives for Improving Biofuel Properties for SI Engines -- Influence of Oxygenated Fuel and Additives in Biofuel Run Compression Ignition Engine -- Future Sustainable Transport Fuels for Indian Heavy-duty Vehicles -- Potential and Challenges of using Biodiesel in a Compression Ignition Engine -- Biodiesel and Renewable Diesel as a Drop-in Fuel for Decarbonized Maritime Transportation.
520 ## - SUMMARY, ETC.
Summary, etc This book focuses on low carbon fuels a preferable class of fuels for Internal Combustion Engines (ICEs) highlighting the effect of low carbon fuels on tailpipe emissions. This book aims to strengthen the knowledge base dealing with low carbon fuels as a sustainable transport fuel. The volume includes recent results and are focused on current trends of automotive sector. This book will be of interest to those in academia and industry involved in fuels, IC engines, engine instrumentation, and environmental research.
650 #0 - SUBJECT ADDED ENTRY--TOPICAL TERM
Topical term or geographic name as entry element Transportation engineering.
650 #0 - SUBJECT ADDED ENTRY--TOPICAL TERM
Topical term or geographic name as entry element Traffic engineering.
650 14 - SUBJECT ADDED ENTRY--TOPICAL TERM
Topical term or geographic name as entry element Transportation Technology and Traffic Engineering.
700 1# - ADDED ENTRY--PERSONAL NAME
Personal name Agarwal, Avinash Kumar.
Relator term
Relator code edt
-- http://id.loc.gov/vocabulary/relators/edt
700 1# - ADDED ENTRY--PERSONAL NAME
Personal name Valera, Hardikk.
Relator term
Relator code edt
-- http://id.loc.gov/vocabulary/relators/edt
830 #0 - SERIES ADDED ENTRY--UNIFORM TITLE
Uniform title Energy, Environment, and Sustainability,
852 ## - LOCATION/CALL NUMBER
Location IMU Kochi Library
856 40 - ELECTRONIC LOCATION AND ACCESS
Uniform Resource Identifier <a href="https://doi.org/10.1007/978-981-16-8414-2">https://doi.org/10.1007/978-981-16-8414-2</a>
904 ## - LOCAL DATA ELEMENT D, LDD (RLIN)
CATALOGER Rudra Ranjan
905 ## - LOCAL DATA ELEMENT E, LDE (RLIN)
VERIFIER Rudra Ranjan
942 ## - ADDED ENTRY ELEMENTS (KOHA)
Item type E-Book
264 #1 -
-- Singapore :
-- Springer Nature Singapore :
-- Imprint: Springer,
-- 2022.
338 ## -
-- online resource
830 #0 - SERIES ADDED ENTRY--UNIFORM TITLE
-- 2522-8374

No items available.



Copyright © All Rights Reserved by Indian Maritime University, Kochi Campus.
For any Suggestions/Query Contact to library or Email: library.kochi@imu.ac.in Ph:(0484)-2989402
(Web OPAC Designed by Rudra Ranjan. Maintained by IMU Kochi Library)

Powered by Koha